| 000 | 00465pab a2200181 454500 | ||
|---|---|---|---|
| 008 | 180718b2009 xxu||||| |||| 00| 0 eng d | ||
| 100 | _aSatyanarayana, P. | ||
| 245 | _aPractice of quality assurance system in open distance education | ||
| 260 | _c2009 | ||
| 300 | _ap.12-15. | ||
| 362 | _a30 Nov | ||
| 650 | _aEducational quality | ||
| 650 | _aDistance education | ||
| 700 | _aMantha, Lakshmi | ||
| 773 | _aUniversity News | ||
| 908 | _aN | ||
| 909 | _a84782 | ||
| 999 |
_c84782 _d84782 |
||